[Event "Mondiale Semilampo 2016"]
[Site "Doha QAT"]
[Date "2016.12.27"]
[Round "6.48"]
[White "Gholami, Aryan"]
[Black "Mareco, Sandro"]
[Result "1-0"]
[WhiteTitle "IM"]
[BlackTitle "GM"]
[WhiteElo "2422"]
[BlackElo "2635"]
[WhiteFideId "12513342"]
[BlackFideId "112275"]
[EventDate "2016.12.26"]

1. e4 c5 2. Nf3 e6 3. g3 Nc6 4. Bg2 Nf6 5. Qe2 d6 6. O-O Be7 7. c3 O-O 8. d3 e5
9. Nbd2 h6 10. a3 Be6 11. b4 Rc8 12. Bb2 Nd7 13. b5 Na5 14. c4 b6 15. Ne1 Qc7
16. Nc2 Bg5 17. f4 exf4 18. gxf4 Bf6 19. e5 dxe5 20. f5 e4 21. Bxf6 exd3 22.
Qxd3 Nxf6 23. fxe6 Rcd8 24. exf7+ Rxf7 25. Qe2 Re7 26. Ne4 Nxe4 27. Bxe4 Rde8
28. Bd5+ Kh8 29. Qd3 Qe5 30. Rae1 Qg5+ 31. Qg3 1-0

[Event "Mondiale Semilampo 2016"]
[Site "Doha QAT"]
[Date "2016.12.27"]
[Round "6.49"]
[White "Hirneise, Tobias"]
[Black "Zhang, Zhong"]
[Result "1-0"]
[WhiteTitle "IM"]
[BlackTitle "GM"]
[WhiteElo "2466"]
[BlackElo "2645"]
[WhiteFideId "24600881"]
[BlackFideId "8600694"]
[EventDate "2016.12.26"]

1. d4 Nf6 2. c4 e6 3. Nf3 b6 4. g3 Bb7 5. Bg2 Be7 6. O-O O-O 7. Nc3 Ne4 8. Qc2
Nxc3 9. Qxc3 c5 10. Rd1 d6 11. Bf4 Qc7 12. Rac1 Nd7 13. dxc5 Nxc5 14. b4 Ne4 15.
Qb3 Rab8 16. Nd2 Nf6 17. Nf3 Be4 18. Qa3 Nh5 19. Be3 Qb7 20. Bd4 Rbc8 21. Qb2
Rfd8 22. a3 h6 23. h3 Nf6 24. Kh2 Rc7 25. Qb3 Ne8 26. Bf1 Rdc8 27. Nd2 Bc6 28.
b5 Bd7 29. Bg2 Qb8 30. Bb2 Nf6 31. Bxf6 Bxf6 32. Ne4 d5 33. Nxf6+ gxf6 34. Qb2
Rxc4 35. Rxc4 Rxc4 36. Qxf6 Qf8 37. e4 Rc7 38. exd5 exd5 39. Rxd5 Be8 40. Rd8
Rd7 41. Rc8 Rd6 42. Qe5 Re6 43. Qb8 Kg7 44. Bc6 Qc5 45. Rxe8 Qxf2+ 46. Bg2 1-0

[Event "Mondiale Semilampo 2016"]
[Site "Doha QAT"]
[Date "2016.12.27"]
[Round "6.50"]
[White "Stratonowitsch, Andre"]
[Black "Lalith, Babu M R"]
[Result "0-1"]
[BlackTitle "GM"]
[WhiteElo "2138"]
[BlackElo "2587"]
[WhiteFideId "24613959"]
[BlackFideId "5024595"]
[EventDate "2016.12.26"]

1. e4 g6 2. d4 Bg7 3. Nc3 c6 4. Be3 d5 5. Qd2 dxe4 6. Nxe4 Nd7 7. Bc4 Nb6 8. Bb3
a5 9. a3 Nd5 10. Bg5 h6 11. Bh4 Bf5 12. Nc3 Nxc3 13. bxc3 Nf6 14. f3 a4 15. Bc4
O-O 16. Ne2 b5 17. Bd3 Bxd3 18. cxd3 Re8 19. O-O e5 20. dxe5 Rxe5 21. Nd4 Qd7
22. Rfe1 Rd5 23. Rab1 Ne8 24. Re7 Qd6 25. Rbe1 Nf6 26. Bg3 Qxa3 27. Nxc6 Qc5+
28. Nd4 b4 29. Bf2 Qxc3 30. Qf4 Rad8 31. Rc7 Rxd4 0-1

[Event "Mondiale Semilampo 2016"]
[Site "Doha QAT"]
[Date "2016.12.27"]
[Round "6.51"]
[White "Potapov, Pavel"]
[Black "Quintiliano Pinto, Renato R."]
[Result "1/2-1/2"]
[WhiteTitle "GM"]
[BlackTitle "IM"]
[WhiteElo "2493"]
[BlackElo "2484"]
[WhiteFideId "4169786"]
[BlackFideId "2117568"]
[EventDate "2016.12.26"]

1. e4 c5 2. c3 Nf6 3. e5 Nd5 4. Bc4 e6 5. d4 cxd4 6. cxd4 d6 7. Nf3 Nc6 8. O-O
Be7 9. Qe2 O-O 10. Rd1 Na5 11. b3 Bd7 12. Bxd5 exd5 13. Nc3 Be6 14. Ba3 Rc8 15.
Rac1 Nc6 16. h3 a6 17. Na4 Re8 18. Qd2 Rc7 19. Re1 dxe5 20. Bxe7 Rcxe7 21. Nxe5
Nxe5 22. Rxe5 f6 23. Re3 Bd7 24. Rxe7 Qxe7 25. Nc5 Bc8 26. Nd3 Bf5 27. Re1 Qd8
28. Nc5 Rxe1+ 29. Qxe1 Bc8 30. Qe3 b6 31. Nd3 Kf7 32. Nf4 Qd6 33. h4 Bf5 34. Ne2
Be6 35. Qd3 Qb4 36. Qc3 Qd6 37. Qg3 Qxg3 38. Nxg3 Ke7 39. a3 g6 40. Ne2 Kd6 41.
Nc3 Bd7 42. f3 Bf5 43. Kf2 Bc2 44. b4 Bd3 45. Ke3 Bc2 46. Kf4 Bd3 47. g4 h6 48.
Ke3 Bc2 49. Kd2 Bb3 50. Ne2 Ba4 51. Nf4 Be8 52. Kc3 Bf7 53. a4 Be8 54. a5 bxa5
55. bxa5 Bf7 56. Nd3 Be8 57. f4 Bb5 58. Nc5 g5 59. fxg5 fxg5 60. hxg5 1/2-1/2

[Event "Mondiale Semilampo 2016"]
[Site "Doha QAT"]
[Date "2016.12.27"]
[Round "6.52"]
[White "Christiansen, Johan-Sebastian"]
[Black "Al-Sayed, Mohammed"]
[Result "1/2-1/2"]
[WhiteTitle "IM"]
[BlackTitle "GM"]
[WhiteElo "2429"]
[BlackElo "2508"]
[WhiteFideId "1512668"]
[BlackFideId "12100196"]
[EventDate "2016.12.26"]

1. Nf3 Nf6 2. c4 g6 3. g3 Bg7 4. Bg2 O-O 5. d4 d6 6. O-O Nc6 7. Nc3 e5 8. dxe5
Nxe5 9. Nxe5 dxe5 10. Qxd8 Rxd8 11. Bg5 Rd7 12. Bh3 Rd4 13. Bxc8 Rxc8 14. b3 a6
15. f3 h6 16. Be3 Rdd8 17. Rfd1 e4 18. Rac1 exf3 19. exf3 Re8 20. Bd4 c6 21. Bb6
Re7 22. Bd8 Re8 23. Bb6 Re7 24. Bd8 Re8 25. Bxf6 Bxf6 26. Rd7 Rcd8 27. Ne4 Bd4+
28. Rxd4 Rxd4 29. Nf6+ Kf8 30. Nxe8 Kxe8 31. Rc2 Ke7 32. Kf2 Kd6 33. Ke3 Rd1 34.
Rd2+ Rxd2 35. Kxd2 Ke5 36. Ke3 g5 37. f4+ gxf4+ 38. gxf4+ Kf5 39. Kf3 c5 40. h3
h5 41. a3 a5 42. Ke3 Ke6 43. Ke4 f5+ 44. Kf3 h4 45. a4 1/2-1/2

[Event "Mondiale Semilampo 2016"]
[Site "Doha QAT"]
[Date "2016.12.27"]
[Round "7.3"]
[White "Korobov, Anton"]
[Black "Dominguez Perez, Leinier"]
[Result "1-0"]
[WhiteTitle "GM"]
[BlackTitle "GM"]
[WhiteElo "2692"]
[BlackElo "2739"]
[WhiteFideId "14105730"]
[BlackFideId "3503240"]
[EventDate "2016.12.26"]

1. d4 d5 2. Bf4 Nf6 3. Nf3 e6 4. e3 c5 5. Nbd2 Nc6 6. c3 Bd6 7. Bg3 O-O 8. Bd3
b6 9. Ne5 Bb7 10. O-O Qc7 11. f4 Ne7 12. Qb1 Qc8 13. Bh4 Nf5 14. Bxf5 exf5 15.
Bxf6 gxf6 16. Nef3 Qe6 17. Re1 Ba6 18. Nh4 cxd4 19. exd4 Qd7 20. g3 Rfe8 21.
Qxf5 Qb5 22. Qxf6 Qxb2 23. Ndf3 Be7 24. Qh6 Bxh4 25. gxh4 Rxe1+ 26. Rxe1 Qxc3
27. Re5 Bd3 28. h5 Bf5 1-0

[Event "Mondiale Semilampo 2016"]
[Site "Doha QAT"]
[Date "2016.12.27"]
[Round "7.5"]
[White "Anand, Viswanathan"]
[Black "Li, Chao b"]
[Result "1-0"]
[WhiteTitle "GM"]
[BlackTitle "GM"]
[WhiteElo "2779"]
[BlackElo "2720"]
[WhiteFideId "5000017"]
[BlackFideId "8604436"]
[EventDate "2016.12.26"]

1. e4 c5 2. Nf3 d6 3. d4 cxd4 4. Nxd4 Nf6 5. Nc3 Nc6 6. Bg5 e6 7. Qd2 a6 8.
O-O-O Bd7 9. f4 b5 10. Bxf6 gxf6 11. Kb1 b4 12. Nce2 Qb6 13. g3 Rc8 14. Bg2 h5
15. Bf3 Na5 16. b3 Bg7 17. g4 h4 18. g5 fxg5 19. Rhg1 Rc5 20. fxg5 O-O 21. Nf4
Nc6 22. Nxc6 Bxc6 23. g6 f5 24. Nxe6 fxe4 25. Nxg7 Kxg7 26. Qxd6 Re8 27. Bxe4
Rxe4 28. Rgf1 1-0

[Event "Mondiale Semilampo 2016"]
[Site "Doha QAT"]
[Date "2016.12.27"]
[Round "7.6"]
[White "Pantsulaia, Levan"]
[Black "Vachier-Lagrave, Maxime"]
[Result "1/2-1/2"]
[WhiteTitle "GM"]
[BlackTitle "GM"]
[WhiteElo "2607"]
[BlackElo "2804"]
[WhiteFideId "13602071"]
[BlackFideId "623539"]
[EventDate "2016.12.26"]

1. Nf3 Nf6 2. g3 g6 3. b3 b6 4. Bb2 Bg7 5. Bg2 Bb7 6. c4 c5 7. O-O O-O 8. Nc3 d5
9. Nxd5 Nxd5 10. Bxg7 Kxg7 11. cxd5 Qxd5 12. d4 cxd4 13. Qxd4+ Qxd4 14. Nxd4
Bxg2 15. Kxg2 a5 16. Rac1 Na6 17. Rc6 Rab8 18. a3 Rfd8 19. e3 Rb7 20. f4 Nc5 21.
Kf3 Re8 22. b4 axb4 23. axb4 Nd3 24. Nc2 Rd8 25. g4 e5 26. f5 e4+ 27. Kg3 Ne5
28. f6+ Kh6 29. Rc3 Nf3 30. h4 g5 31. h5 Rd6 32. b5 Rbd7 33. Rc6 Rd2 34. Rxf3
exf3 35. Kxf3 R7d6 36. Na3 R6d4 37. Nc4 Rxc4 38. Rxc4 Rd3 39. Ke4 Rd4+ 40. exd4 1/2-1/2

[Event "Mondiale Semilampo 2016"]
[Site "Doha QAT"]
[Date "2016.12.27"]
[Round "7.8"]
[White "Nepomniachtchi, Ian"]
[Black "Borisek, Jure"]
[Result "1-0"]
[WhiteTitle "GM"]
[BlackTitle "GM"]
[WhiteElo "2767"]
[BlackElo "2561"]
[WhiteFideId "4168119"]
[BlackFideId "14603152"]
[EventDate "2016.12.26"]

1. e4 e5 2. Nf3 Nc6 3. Bc4 Bc5 4. O-O Nf6 5. d3 d6 6. a4 a6 7. c3 h6 8. h3 O-O
9. Re1 Re8 10. Nbd2 Be6 11. Bxe6 Rxe6 12. b4 Ba7 13. Qc2 d5 14. Nb3 dxe4 15.
dxe4 Ne7 16. Be3 Bxe3 17. Rxe3 b6 18. a5 Nc8 19. Qe2 Nd6 20. Nfd2 Qc8 21. c4 Nb7
22. Nf3 bxa5 23. Nxa5 Nxa5 24. Rxa5 Qb7 25. Qe1 Rb8 26. Nxe5 Qxb4 27. Qxb4 Rxb4
28. Rc5 Nxe4 29. Rxe4 f6 30. Rxc7 Rxe5 31. Rd4 h5 32. h4 Kh7 33. Rdd7 Kh6 34.
Rxg7 Rxc4 35. Rh7+ Kg6 36. Rcg7+ Kf5 37. Rxh5+ Ke6 38. Rxe5+ Kxe5 39. g3 a5 40.
Kg2 a4 41. Ra7 Kd4 42. h5 Kc3 43. h6 Kb3 44. h7 Rc8 45. Rb7+ Kc2 46. Ra7 Kb3 47.
Kf3 a3 48. Kf4 a2 49. Kf5 1-0

[Event "Mondiale Semilampo 2016"]
[Site "Doha QAT"]
[Date "2016.12.27"]
[Round "7.10"]
[White "Bok, Benjamin"]
[Black "Artemiev, Vladislav"]
[Result "1/2-1/2"]
[WhiteTitle "GM"]
[BlackTitle "GM"]
[WhiteElo "2598"]
[BlackElo "2653"]
[WhiteFideId "1017063"]
[BlackFideId "24101605"]
[EventDate "2016.12.26"]

1. e4 c5 2. Nf3 e6 3. d4 cxd4 4. Nxd4 a6 5. Bd3 Nf6 6. O-O Qc7 7. Qe2 d6 8. c4
g6 9. Nc3 Bg7 10. Be3 O-O 11. Rac1 Nbd7 12. Rfd1 b6 13. f3 Bb7 14. Qd2 Rac8 15.
Bf1 Rfd8 16. b4 Qb8 17. Na4 Bf8 18. Nb3 Bc6 19. Nc3 Ba8 20. Qf2 Ne5 21. Na4 d5
22. exd5 exd5 23. Bxb6 dxc4 24. Rxd8 Rxd8 25. Bxd8 Qxd8 26. Bxc4 Bh6 27. Bf1
Nfg4 28. fxg4 Nxg4 29. Qg3 Be3+ 30. Kh1 Nf2+ 31. Kg1 Nd1+ 32. Kh1 Nf2+ 33. Kg1
Ng4+ 34. Kh1 Nf2+ 1/2-1/2

[Event "Mondiale Semilampo 2016"]
[Site "Doha QAT"]
[Date "2016.12.27"]
[Round "7.11"]
[White "Riazantsev, Alexander"]
[Black "Akopian, Vladimir"]
[Result "0-1"]
[WhiteTitle "GM"]
[BlackTitle "GM"]
[WhiteElo "2671"]
[BlackElo "2675"]
[WhiteFideId "4125029"]
[BlackFideId "13300032"]
[EventDate "2016.12.26"]

1. d4 Nf6 2. c4 e6 3. Nc3 Bb4 4. e3 b6 5. Bd2 Bb7 6. Nf3 O-O 7. Bd3 d6 8. Qc2 c5
9. a3 Bxc3 10. Bxc3 cxd4 11. Nxd4 Nbd7 12. O-O Nc5 13. Be2 Rc8 14. Nb5 a6 15.
Bxf6 gxf6 16. Nc3 f5 17. Qd1 Qg5 18. Bf3 Bxf3 19. Qxf3 Qg4 20. Qxg4+ fxg4 21.
Rad1 Nb7 22. Ne4 Rfd8 23. Nf6+ Kg7 24. Nxg4 h5 25. Rd4 f5 26. f3 hxg4 27. fxg4
e5 28. Rd3 fxg4 29. Rb3 Rc6 30. e4 Rf8 31. Rxf8 Kxf8 32. Rg3 Rxc4 33. Rxg4 Nc5 0-1

[Event "Mondiale Semilampo 2016"]
[Site "Doha QAT"]
[Date "2016.12.27"]
[Round "7.12"]
[White "Vidit, Santosh Gujrathi"]
[Black "Karjakin, Sergey"]
[Result "1/2-1/2"]
[WhiteTitle "GM"]
[BlackTitle "GM"]
[WhiteElo "2689"]
[BlackElo "2785"]
[WhiteFideId "5029465"]
[BlackFideId "14109603"]
[EventDate "2016.12.26"]

1. d4 Nf6 2. c4 e6 3. Nf3 b6 4. e3 Bb7 5. Bd3 d5 6. cxd5 exd5 7. O-O Bd6 8. b3
Qe7 9. Nc3 a6 10. Bb2 Nbd7 11. Ne2 Ne4 12. Ng3 g6 13. Rc1 O-O 14. Qc2 a5 15.
Rfd1 Nxg3 16. hxg3 Ba6 17. Bxa6 Rxa6 18. Ne5 Raa8 19. Qc6 Nf6 20. Rc2 h5 21.
Rdc1 Rfe8 22. Qb5 Qe6 23. Rc6 Qf5 24. Qe2 Kg7 25. Qf3 Qxf3 26. gxf3 Ra7 27. a4
Ng8 28. e4 Ne7 29. R6c2 f5 30. exf5 Nxf5 31. f4 Re6 32. Kg2 Kg8 33. Rc6 Ne7 34.
R6c2 Nf5 35. Rc6 Ne7 36. R6c2 Nf5 1/2-1/2

[Event "Mondiale Semilampo 2016"]
[Site "Doha QAT"]
[Date "2016.12.27"]
[Round "7.14"]
[White "Zhigalko, Sergei"]
[Black "Bortnyk, Olexandr"]
[Result "1/2-1/2"]
[WhiteTitle "GM"]
[BlackTitle "GM"]
[WhiteElo "2671"]
[BlackElo "2581"]
[WhiteFideId "13502956"]
[BlackFideId "14120828"]
[EventDate "2016.12.26"]

1. e4 d6 2. d4 Nf6 3. Nc3 Nbd7 4. Nf3 e5 5. Bc4 Be7 6. a4 O-O 7. O-O a5 8. Re1
b6 9. b3 Bb7 10. Bb2 c6 11. Bd3 Re8 12. Ne2 exd4 13. Nexd4 Nc5 14. Qd2 d5 15. e5
Nfe4 16. Qf4 Bf8 17. Rad1 Qc7 18. Nf5 f6 19. Ng3 Nxd3 20. cxd3 Nxg3 21. hxg3
fxe5 22. Bxe5 Qf7 23. Bc7 Qxf4 24. gxf4 Rxe1+ 25. Rxe1 b5 26. d4 Bb4 27. Rc1 Re8
28. Be5 bxa4 29. bxa4 Rc8 30. Ng5 c5 31. dxc5 Bxc5 32. Rd1 Re8 33. Nf3 Bb4 34.
Nd4 g5 35. g3 gxf4 36. gxf4 Kf7 37. Kg2 Ba6 38. Nb5 Rc8 39. Rh1 Kg6 40. Kf3 Rg8
41. Rc1 Bc8 42. Nd4 Bd7 43. f5+ Kf7 44. Rc7 Ke8 45. Ne6 Bxe6 46. fxe6 Rg6 47.
Rxh7 Rxe6 48. Kf4 Re7 49. Rxe7+ Kxe7 50. Kf5 Bc5 51. f4 Be3 52. Bb8 Kd7 53. Ke5
Bxf4+ 54. Kxf4 Kc8 55. Be5 d4 56. Bxd4 Kb7 57. Ke4 Ka8 58. Kd5 1/2-1/2

[Event "Mondiale Semilampo 2016"]
[Site "Doha QAT"]
[Date "2016.12.27"]
[Round "7.15"]
[White "Matlakov, Maxim"]
[Black "Wojtaszek, Radoslaw"]
[Result "0-1"]
[WhiteTitle "GM"]
[BlackTitle "GM"]
[WhiteElo "2694"]
[BlackElo "2749"]
[WhiteFideId "4168003"]
[BlackFideId "1118358"]
[EventDate "2016.12.26"]

1. c4 Nf6 2. Nc3 e5 3. g3 Bb4 4. Bg2 O-O 5. e4 Nc6 6. Nge2 d6 7. O-O Bc5 8. d3
a6 9. h3 h6 10. Kh2 b5 11. Nd5 bxc4 12. dxc4 Nxd5 13. cxd5 Nd4 14. Be3 Nxe2 15.
Qxe2 a5 16. Rfc1 Bxe3 17. Qxe3 f5 18. exf5 Bxf5 19. Rc4 Rf7 20. Rac1 a4 21. h4
Qb8 22. Qc3 Qb6 23. f4 exf4 24. Rxf4 Re8 25. Rcf1 Bg6 26. Rxf7 Bxf7 27. Qf3 Re7
28. Rf2 Qd4 29. Rc2 Bg6 30. Re2 Rf7 31. Qc3 Qxc3 32. bxc3 a3 33. Kg1 Kf8 34. Be4
Bxe4 35. Rxe4 Rf3 36. Rc4 Rxg3+ 37. Kf2 Rd3 38. Rxc7 Rxd5 39. Rd7 Rd2+ 40. Ke3
Rxa2 41. Rxd6 Rh2 42. Rd4 a2 43. Ra4 Rh3+ 44. Kd2 Rxh4 0-1

[Event "Mondiale Semilampo 2016"]
[Site "Doha QAT"]
[Date "2016.12.27"]
[Round "7.16"]
[White "Onischuk, Vladimir"]
[Black "Howell, David W L"]
[Result "1-0"]
[WhiteTitle "GM"]
[BlackTitle "GM"]
[WhiteElo "2601"]
[BlackElo "2644"]
[WhiteFideId "14114038"]
[BlackFideId "410608"]
[EventDate "2016.12.26"]

1. e4 e5 2. Nf3 Nc6 3. Bb5 a6 4. Ba4 Nf6 5. O-O Be7 6. d3 b5 7. Bb3 d6 8. a3 O-O
9. Nc3 Nb8 10. Ne2 c5 11. Ng3 Nc6 12. c3 a5 13. a4 b4 14. Re1 Rb8 15. h3 Be6 16.
Bc4 h6 17. Nf5 Bxc4 18. dxc4 Qd7 19. Qd3 Qe6 20. Nh2 Kh7 21. Ne3 g6 22. Nd5 Ng8
23. Nc7 Qd7 24. Nb5 Rbd8 25. Be3 f5 26. Rad1 Qc8 27. f4 Nf6 28. exf5 gxf5 29.
Ng4 e4 30. Nxf6+ Rxf6 31. Qd5 Rg8 32. Kh1 Rfg6 33. g4 fxg4 34. Qxe4 gxh3 35. f5
Rf6 36. Na7 Qxf5 37. Qxf5+ Rxf5 38. Nxc6 Bh4 39. Rf1 Rxf1+ 40. Rxf1 Rg2 41. cxb4
cxb4 42. b3 Bg3 43. Bg1 Rb2 44. Nxa5 h5 45. Nc6 Rxb3 46. Bd4 Ra3 47. Ra1 1-0

[Event "Mondiale Semilampo 2016"]
[Site "Doha QAT"]
[Date "2016.12.27"]
[Round "7.19"]
[White "Tomashevsky, Evgeny"]
[Black "Vitiugov, Nikita"]
[Result "1/2-1/2"]
[WhiteTitle "GM"]
[BlackTitle "GM"]
[WhiteElo "2716"]
[BlackElo "2726"]
[WhiteFideId "4147235"]
[BlackFideId "4152956"]
[EventDate "2016.12.26"]

1. Nf3 Nf6 2. c4 e6 3. d4 Bb4+ 4. Bd2 Bxd2+ 5. Qxd2 O-O 6. Nc3 d5 7. e3 Qe7 8.
Rc1 a6 9. a3 dxc4 10. Bxc4 c5 11. dxc5 Qxc5 12. Qd4 Qxd4 13. Nxd4 Bd7 14. Ke2
Nc6 15. Nxc6 Bxc6 16. f3 Rfd8 17. Rhd1 Kf8 18. e4 Ke7 19. Ke3 1/2-1/2

[Event "Mondiale Semilampo 2016"]
[Site "Doha QAT"]
[Date "2016.12.27"]
[Round "7.20"]
[White "Dreev, Aleksey"]
[Black "Aleksandrov, Aleksej"]
[Result "1/2-1/2"]
[WhiteTitle "GM"]
[BlackTitle "GM"]
[WhiteElo "2652"]
[BlackElo "2574"]
[WhiteFideId "4100107"]
[BlackFideId "13500139"]
[EventDate "2016.12.26"]

1. d4 Nf6 2. Nf3 e6 3. c4 d5 4. Nc3 Bb4 5. cxd5 exd5 6. Bg5 h6 7. Bxf6 Qxf6 8.
Qa4+ Nc6 9. e3 O-O 10. Be2 Be6 11. O-O a6 12. Qb3 Bd6 13. Rac1 Ne7 14. Na4 b6
15. Nc3 g5 16. Ne1 Qg7 17. Nd3 Rfd8 18. Rfd1 Rab8 19. Nb4 a5 20. Na6 Rb7 21. Nc5
Rbb8 22. Nxe6 fxe6 23. Bg4 Qf7 24. Ne4 c6 25. Rf1 Bc7 26. Ng3 c5 27. f4 gxf4 28.
exf4 Nf5 29. Bxf5 exf5 30. Qc2 Rf8 31. Rce1 c4 32. Re3 b5 33. Kh1 Kh8 34. Qe2
Rbe8 35. Nxf5 Rxe3 36. Nxe3 Re8 37. Qf3 Qxf4 38. Qxf4 Bxf4 39. Nxd5 Bb8 40. g3
Kg7 41. Kg2 Ba7 42. Nc3 Bxd4 43. Nxb5 Bxb2 44. Nd6 Re2+ 45. Kf3 Rc2 46. Nf5+ Kg6
47. Ne3 Rxh2 48. Nxc4 a4 49. Rf2 Rxf2+ 50. Kxf2 Bd4+ 51. Kf3 Kf5 1/2-1/2

[Event "Mondiale Semilampo 2016"]
[Site "Doha QAT"]
[Date "2016.12.27"]
[Round "7.21"]
[White "Pichot, Alan"]
[Black "Cheparinov, Ivan"]
[Result "0-1"]
[WhiteTitle "GM"]
[BlackTitle "GM"]
[WhiteElo "2544"]
[BlackElo "2689"]
[WhiteFideId "110973"]
[BlackFideId "2905540"]
[EventDate "2016.12.26"]

1. e4 e5 2. Nf3 Nc6 3. Bb5 a6 4. Ba4 Nf6 5. O-O Be7 6. Re1 b5 7. Bb3 d6 8. c3
O-O 9. h3 Nb8 10. d4 Nbd7 11. Nbd2 Bb7 12. Bc2 Re8 13. Nf1 Bf8 14. Ng3 g6 15.
Bg5 h6 16. Bd2 Bg7 17. a4 Nb6 18. axb5 axb5 19. b3 c5 20. d5 Qc7 21. Qe2 c4 22.
b4 Reb8 23. Be3 Bc8 24. Qd2 Kh7 25. Nh2 Rxa1 26. Rxa1 Ra8 27. Qd1 Qb7 28. Rxa8
Nxa8 29. Qa1 Qa6 30. Qxa6 Bxa6 31. Nhf1 Nd7 32. Nd2 Bf6 33. Nb1 Nab6 34. Na3 h5
35. Nf1 Bd8 36. Nd2 Na8 37. Kf1 Bb6 38. Ke2 Nc7 39. Nf3 Bxe3 40. Kxe3 Kg7 41.
Ng1 Nb6 42. f3 f5 43. Ne2 Kf6 44. g3 g5 45. g4 fxg4 46. fxg4 h4 47. Bd1 Nd7 48.
Ng1 Nf8 49. Bf3 Ng6 50. Kd2 Nf4 51. Ke3 Bc8 52. Kd2 Bd7 53. Ke3 Ke7 54. Kd2 Kd8
55. Ke3 Be8 56. Be2 Ke7 57. Bf3 Na8 58. Kd2 Nb6 59. Bd1 Kd8 60. Ke3 Kc7 61. Nb1
Bg6 62. Na3 Be8 63. Nb1 Nd7 64. Bf3 Bg6 65. Na3 Kb6 66. Bd1 Nf6 67. Bf3 Bh7 68.
Bh1 Bg6 69. Bf3 Ka6 70. Bh1 Nd7 71. Bf3 Nb6 72. Bd1 Bh7 73. Bc2 Nd7 74. Bd1 Nf6
75. Bf3 Bg6 76. Bh1 Be8 77. Bf3 Kb6 78. Bd1 Bg6 79. Bf3 Nd3 80. Nb1 Ne1 81. Nd2
Kc7 82. Kf2 Nd3+ 83. Ke3 Nf4 84. Kf2 Nd7 85. Bd1 Nb6 86. Ke1 Na4 87. Bxa4 bxa4
88. Kd1 Nd3 89. Kc2 Nf2 90. Kb2 Bxe4 91. Nxe4 Nxe4 92. Nf3 Kb6 93. Ka3 Kb5 94.
Kb2 Ka6 95. Ka3 Kb6 96. Kxa4 Nxc3+ 97. Ka3 Nxd5 98. Nxg5 Nf4 99. Nf3 Ng6 100.
Ng5 d5 0-1

[Event "Mondiale Semilampo 2016"]
[Site "Doha QAT"]
[Date "2016.12.27"]
[Round "7.22"]
[White "Jakovenko, Dmitry"]
[Black "Atabayev, Yusup"]
[Result "1-0"]
[WhiteTitle "GM"]
[BlackTitle "IM"]
[WhiteElo "2704"]
[BlackElo "2473"]
[WhiteFideId "4122356"]
[BlackFideId "14001128"]
[EventDate "2016.12.26"]

1. d4 Nf6 2. c4 e6 3. Nf3 d5 4. Nc3 Bb4 5. cxd5 exd5 6. Bg5 h6 7. Bh4 Nbd7 8. e3
c5 9. Be2 Qa5 10. O-O Bxc3 11. bxc3 c4 12. Qc2 O-O 13. Nd2 Re8 14. Bf3 Qa6 15.
Rfe1 g5 16. Bg3 g4 17. Be2 Nf8 18. f3 Rxe3 19. Be5 Ng6 20. Nf1 Rxe5 21. dxe5
Qb6+ 22. Kh1 Nxe5 23. Ng3 gxf3 24. gxf3 Ng6 25. Qd2 Kg7 26. Bd1 Bh3 27. Bc2 d4
28. Bf5 dxc3 29. Qxc3 Bxf5 30. Nxf5+ Kh7 31. Qxc4 Rf8 32. Qc1 Ng8 33. Qc3 Nf6
34. Rab1 Qa6 35. Rbd1 Nh5 36. Rd2 Qb5 37. Qd3 Qa5 38. Qd5 Qc3 39. Qd3 Qa5 40.
Rg1 Nhf4 41. Qc2 Qe5 42. Qe4 Qc3 43. Rc2 Qf6 44. Rc7 Nh3 45. Rf1 Ng5 46. Qc2 Rd8
47. Nh4 Rg8 48. Qf5 Qb6 49. Nxg6 Rxg6 50. Rc2 Kg7 51. Qe5+ Qf6 52. f4 Qxe5 53.
fxe5 Re6 54. Rc7 Rxe5 55. h4 Ne4 56. Rfxf7+ Kg6 57. Rfe7 Nf2+ 58. Kg2 Rf5 59.
Rg7+ Kh5 60. Rgf7 1-0

[Event "Mondiale Semilampo 2016"]
[Site "Doha QAT"]
[Date "2016.12.27"]
[Round "7.23"]
[White "Sanal, Vahap"]
[Black "Amonatov, Farrukh"]
[Result "0-1"]
[WhiteTitle "GM"]
[BlackTitle "GM"]
[WhiteElo "2474"]
[BlackElo "2620"]
[WhiteFideId "6300545"]
[BlackFideId "14700077"]
[EventDate "2016.12.26"]

1. e4 c5 2. Nf3 d6 3. d4 cxd4 4. Nxd4 Nf6 5. Nc3 a6 6. Bg5 e6 7. f4 Qc7 8. Bxf6
gxf6 9. Qd3 b5 10. O-O-O Nd7 11. Nb3 Bb7 12. Kb1 Rc8 13. a3 Nb6 14. Be2 Nc4 15.
Na2 d5 16. exd5 Bxd5 17. Rhe1 Be7 18. Bf3 Bxf3 19. Qxf3 O-O 20. f5 e5 21. c3 Kh8
22. Nb4 Bxb4 23. axb4 a5 24. bxa5 Nxa5 25. Nxa5 Qxa5 26. Re4 Rg8 27. Rd6 Ra8 28.
Kc2 Qa1 29. Rd1 Qa6 30. Rh4 Rg5 31. Rd7 Rf8 32. g3 Qc8 33. Qd3 Qc6 34. Rd6 Qg2+
35. Kb3 Kg7 36. Rxf6 Kxf6 37. Qd6+ Kxf5 38. Qxf8 Qd5+ 39. Kb4 Rg4+ 40. Rxg4 Kxg4
41. b3 e4 42. Qh6 Kf3 43. c4 bxc4 44. bxc4 Qe5 45. Qh3 Kf2 46. Qxh7 e3 47. Qxf7+
Kg1 48. Qa7 Qe4 49. Kc3 Kg2 50. Qa2+ e2 51. Qd2 Kf1 0-1

[Event "Mondiale Semilampo 2016"]
[Site "Doha QAT"]
[Date "2016.12.27"]
[Round "7.24"]
[White "Malakhov, Vladimir"]
[Black "Bindrich, Falko"]
[Result "1-0"]
[WhiteTitle "GM"]
[BlackTitle "GM"]
[WhiteElo "2713"]
[BlackElo "2590"]
[WhiteFideId "4120787"]
[BlackFideId "4676670"]
[EventDate "2016.12.26"]

1. Nf3 d5 2. e3 Nf6 3. c4 e6 4. b3 Be7 5. Bb2 O-O 6. Nc3 c5 7. cxd5 exd5 8. d4
cxd4 9. Nxd4 Bg4 10. Be2 Bxe2 11. Ndxe2 Nc6 12. O-O Bd6 13. Nb5 Be5 14. Bxe5
Nxe5 15. Nf4 Qd7 16. Nd4 Rac8 17. Rc1 Ne4 18. Qh5 f6 19. Qe2 Nc6 20. Qb2 Ne5 21.
Rxc8 Rxc8 22. h3 g5 23. Nh5 Qe8 24. f3 Qxh5 25. fxe4 dxe4 26. Rxf6 Nd3 27. Qa3
g4 28. Nf5 Nc5 29. Qb2 Nd3 30. Rf8+ 1-0

[Event "Mondiale Semilampo 2016"]
[Site "Doha QAT"]
[Date "2016.12.27"]
[Round "7.25"]
[White "Ganguly, Surya Shekhar"]
[Black "Inarkiev, Ernesto"]
[Result "0-1"]
[WhiteTitle "GM"]
[BlackTitle "GM"]
[WhiteElo "2668"]
[BlackElo "2709"]
[WhiteFideId "5002150"]
[BlackFideId "4162722"]
[EventDate "2016.12.26"]

1. e4 e5 2. Nf3 Nc6 3. Bc4 Bc5 4. O-O Nf6 5. d3 d6 6. c3 a6 7. Re1 Ba7 8. Bb3 h6
9. Nbd2 O-O 10. h3 Re8 11. Nf1 Be6 12. Ng3 d5 13. exd5 Bxd5 14. Bc2 Qd7 15. b4
Re6 16. a4 b5 17. Be3 Bxe3 18. Rxe3 Rae8 19. Ne4 Qc8 20. Nc5 R6e7 21. Qf1 Nd7
22. Nxd7 Qxd7 23. Rae1 f5 24. Qe2 Qd6 25. Nh4 Qf6 26. Qh5 g5 27. Ng6 Re6 28. c4
bxc4 29. dxc4 Bxc4 30. Rc3 Bd5 31. b5 axb5 32. axb5 Nd4 33. Nxe5 Rxe5 34. Qxe8+
Rxe8 35. Rxe8+ Kg7 36. Rxc7+ Kg6 37. Bd3 Qd6 38. Ra7 Qf4 39. Rd7 Bxg2 40. Rf8
Bf3 41. Rg8+ Kh5 42. Rc8 Qd2 43. Bf1 Ne2+ 44. Bxe2 Qxe2 45. Rc1 Be4 46. Rdc7 0-1